00000000nam##2200000za#4500
0019.616836
003CaOODSP
00520200327144326
007ta
008150406|2004||||xxc|||||     f|0| 0 eng|d
022 |a0706-6457
040 |aCaOODSP|beng
043 |an-cn---
0861 |aFs97-6/2522E
1101 |aCanada. |bDepartment of Fisheries and Oceans.
24510|aMapping spawning times and locations for 10 commercially important fish species found on the Grands Banks of Newfoundland / |cby L.M.N. Ollerhead et al.
260 |aOttawa - Ontario : |bFisheries and Oceans Canada |c2004.
300 |aiv, 45p. : |bcoloured figs., references, tables ; |c28 cm.
4901 |aCanadian technical report of fisheries and aquatic sciences|x0706-6457|v2522
500 |a"Science, Oceans and Environment Branch, Fisheries and Oceans Canada, P.O. Box 5667, St. John's NL, Canada A1C 5X1".--Cover.
546 |a(Résumé en français.)
563 |aSoftcover
590 |a04-16|b2004-04-16
69007|aTechnical reports|2gcpds
7201 |aOllerhead, J. M. N.
7760#|tMapping spawning times and locations for 10 commercially important fish species found on the Grand Banks of Newfoundland / |w(CaOODSP)9.574102
830#0|aCanadian technical report of fisheries and aquatic sciences,|x0706-6457|v2522|w(CaOODSP)9.514691